Biomecánica: (Registro nro. 1706)
[ vista simple ]
| 000 -CABECERA | |
|---|---|
| Campo de control interno | 00958nam a22003017a 4500 |
| 005 - FECHA Y HORA DE LA CATALOGACION | |
| Campo de control | 20251208162705.0 |
| 008 - ELEMENTOS DE LONGITUD FIJA - INFORMACION | |
| Elementos de Longitud Fija - Informaci | 251208t2022 sp ||||| |||| 00| 0 spa d |
| 020 ## - ISBN | |
| ISBN | 978-84-18563-47-8 |
| 040 ## - ORIGEN DE LA CATALOGACION | |
| Origen de la Catalogación | Iste |
| 041 ## - CODIGO DE LENGUAJE | |
| Código de lenguaje del texto | spa |
| 044 ## - CODIGO ISO DE PAIS | |
| Código ISO de País | sp |
| 082 ## - NUMERO DE CLASIFICACION CDU | |
| Clasificacion | 612.76 |
| Cutter | H1801 |
| 100 ## - AUTOR PERSONAL | |
| Autor Personal | Hamill, Joseph |
| Titulos u otras palabras asociadas al nombre | Autor |
| Rol del Autor | Autor |
| 9 (RLIN) | 8521 |
| 245 ## - TÍTULO GENERAL | |
| Título | Biomecánica: |
| Subtítulo | bases del movimiento humano |
| 250 ## - EDICION | |
| Edición | 5a. ed. |
| 260 ## - EDITORIAL | |
| Ciudad - País | Barcelona - España |
| Nombre de la Editorial | Wolters Kluwer |
| Fecha | 2021 |
| 300 ## - DESCRIPCION | |
| Número de páginas | 569 páginas, |
| Información descriptiva | gráficos, ilustraciones, tablas. |
| 650 ## - DESCRIPTORES - TEMAS | |
| Temas - Descriptores | PRINCIPIOS DEL MOVIMIENTO HUMANO |
| 9 (RLIN) | 8522 |
| 650 ## - DESCRIPTORES - TEMAS | |
| Temas - Descriptores | ANATOMÍA FUNCIONAL |
| 9 (RLIN) | 8523 |
| 650 ## - DESCRIPTORES - TEMAS | |
| Temas - Descriptores | ANÁLISIS MECÁNICO DEL MOVIMIENTO HUMANO |
| 9 (RLIN) | 8524 |
| 650 ## - DESCRIPTORES - TEMAS | |
| Temas - Descriptores | CINETICA LINEAL |
| 9 (RLIN) | 8525 |
| 650 ## - DESCRIPTORES - TEMAS | |
| Temas - Descriptores | CINEMÁTICA ANGULAR |
| 9 (RLIN) | 8526 |
| 653 ## - CATEGORIAS | |
| Categorías Secundarias | TECNOLOGÍA Y CIENCIAS MÉDICAS |
| 653 ## - CATEGORIAS | |
| Categorías Secundarias | TERAPÉUTICA |
| 700 ## - COAUTOR PERSONAL | |
| Coautor Personal | Knutzen, Kathleen |
| Rol del autor | Autor |
| 9 (RLIN) | 8527 |
| 700 ## - COAUTOR PERSONAL | |
| Coautor Personal | Derrick, Timothy |
| Rol del autor | Autor |
| 9 (RLIN) | 8528 |
| 942 ## - ELEMENTOS DE KOHA | |
| Esquema de Clasificacion | Clasificación decimal universal |
| Tipo de Documento | Libros |
| Catalogador | Usuario Catalogador |
| Estatus retirado | Estado de pérdida | Fuente de Clasificacion | Estado de daño | No para préstamo | Carrera | Dependencia | Dependencia | Estado | Fecha de Adquisición | Vía de adquisición | Inventario | Total de préstamos | CDU | Código de barras | Visto por última vez | Numero de copia o ejemplar | Tipo de Item |
|---|---|---|---|---|---|---|---|---|---|---|---|---|---|---|---|---|---|
| Clasificación decimal universal | Rehabilitación Física | ISTE BG DRS | ISTE BG DRS | Disponible | 2025-12-08 | Donación | BLDS03129 | 612.76 H1801 | BG25120039 | 2025-12-08 | Ej. 1 | Libros |
